Taxonomie Pokémon - Singes - Statistiques

Statistiques générales
  • Ce quiz a été pris 164 fois
    69 depuis la dernière actualisation
  • Le résultat moyen est 25 sur 31
Statistiques - réponses
Type de quiz Pokémon % Correct
Combat Colossinge
96%
Combat Ferosinge
96%
Feu Ouisticram
96%
Feu Combat Simiabraz
96%
Feu Combat Chimpenfeu
91%
Eau Flotajou
86%
Plante Feuillajou
84%
Feu Flamajou
84%
Normal Capumain
82%
Plante Feuiloutan
82%
Feu Flamoutan
82%
Eau Flotoutan
82%
Plante Ouistempo
82%
Plante Gorythmic
80%
Électrik Élekable
79%
Normal Capidextre
77%
Combat Spectre Courrousinge
77%
Normal Psy Gouroutan
77%
Plante Badabouin
75%
Feu Darumacho
75%
Glace Darumacho de Galar
75%
Glace Feu Darumacho de Galar (Mode Transe)
75%
Feu Psy Darumacho (Mode Transe)
75%
Feu Darumarond
75%
Glace Darumarond de Galar
75%
Électrik Élektek
75%
Électrik Élekid
71%
Poison Psy Fortusimia
70%
Combat Quartermac
68%
Ténèbres Plante Zarude
66%
Poison Normal Tag-Tag
61%
Aucun quiz correspondant
Distribution des résultats
% des personnes avec chaque résultat
Percentile par nombre de réponses
Votre historique - résultats
Vous n’avez pas pris ce quiz depuis la dernière actualisation